000 00787nam a22002297a 4500
003 OSt
005 20250414123203.0
008 210210s1959 ck ||||gr|||| 00| 0 spa d
040 _aCO-JMCR
_cCO-JMCR
041 0 _aspa
082 0 4 _aA-N
_bFAUp
_223
100 1 _aFaulkner, William,
_eautor
_913230
245 1 3 _aLa paga de los soldados /
_cWilliam Faulkner
260 _aBarcelona :
_bLuis de Caralt,
_c1959
300 _a303 páginas ;
_c20 cm.
490 _aColección gigante
520 0 _aDos personas que encuentran a Donald Mahon en un tren lo ayudan a regresar a casa de la Primera Guerra Mundial con el rostro mutilado y poca memoria: novelista.
650 1 4 _aVeteranos
_913231
650 1 4 _aVeteranos discapacitados
_913232
650 1 4 _aSoldados
_913233
942 _2ddc
_cBK
999 _c7145
_d7145